[Event "Red Bull Chess Masters 2018"]
[Site "Istanbul"]
[Date "2018.10.20"]
[Round "1.2"]
[White "Sevgi, Volkan"]
[Black "Aydincelebi, Kagan"]
[Result "1/2-1/2"]
[WhiteElo "2296"]
[BlackElo "2193"]
[Annotator "TA"]
[PlyCount "233"]
[EventDate "2018.10.19"]
[EventType "team-tourn"]
[EventCountry "TUR"]
[SourceTitle "playchess.com"]
[Source "ChessBase"]
[SourceQuality "1"]

{[%evp 13,233,-14,-4,-37,-39,-75,-81,-128,-126,-130,-134,-154,-118,-141,-52,-58,-51,-75,-73,-66,-70,-57,-32,-67,-56,-97,-97,-95,-58,-57,-68,-83,-67,-112,-31,-29,0,-35,0,-18,-13,-28,0,0,0,-37,60,62,60,17,54,24,83,63,57,29,61,-6,49,56,73,73,73,73,73,73,111,111,111,111,111,111,111,111,111,111,111,111,111,111,111,110,110,0,111,111,111,111,111,111,111,111,111,111,111,110,110,110,718,475,482,110,110,0,110,110,110,110,110,109,110,109,110,93,93,93,109,109,109,93,109,93,93,93,93,93,93,93,93,93,93,93,93,93,93,0,93,93,93,93,93,0,0,0,0,0,0,0,0,0,0,0,0,0,0,0,0,0,0,0,0,0,0,0,0,0,0,0,0,0,0,0,0,0,0,0,0,0,0,0,0,0,0,0,0,0,0,0,0,0,0,0,0,0,0,0,0,0,0,0,0,0,0,0,0,0,0,0,0,0,0,0,0,0,0,0,0,0,0,0,0,0]} 1. Nf3 g6 2. g3 Bg7 3. Bg2 c5 4. O-O Nc6 5. d3 e5 6. Nbd2 d6 7. e4 Nge7 {LiveBook: 56 Games} 8. h3 {A04: Unusual lines after 1 Nf3 and King's Indian Attack} O-O 9. Nh2 Be6 10. f4 {Black is better.} Qd7 $146 ({Predecessor:} 10... exf4 11. gxf4 Qd7 12. Ng4 f5 13. exf5 Nxf5 14. Ne4 Bd4+ {0-1 (59) Andersson,B (2330)-Wojtkiewicz,A (2540) Stockholm 1991}) 11. g4 {Black should prevent f5.} exf4 12. Ndf3 d5 13. Bxf4 dxe4 (13... Bxb2 $17 {aiming for ...dxe4.} 14. Rb1 Bg7) 14. dxe4 $15 Rad8 15. Qxd7 Rxd7 16. c3 Rfd8 17. Rfe1 h6 18. Nf1 b5 19. Ne3 b4 20. e5 Nd5 (20... g5 {feels hotter.} 21. Bg3 Ng6 22. Nf5 bxc3 23. bxc3 Rd3) 21. Nxd5 Bxd5 22. Re3 a5 23. a3 b3 (23... bxc3 $17 24. bxc3 Bb3) 24. Rae1 a4 25. Bf1 Na5 26. Nd2 Be6 27. Ne4 Nc4 28. Bxc4 $1 Bxc4 29. Nxc5 Rc7 (29... Rd1 $1 $15 30. Ne4 g5) 30. Ne4 $14 Be6 31. Kf2 Rd5 32. Nd6 Bf8 (32... g5 $11 {keeps the balance.} 33. Bg3 Rd2+ 34. R3e2 Rd3) 33. Ne8 Rd2+ 34. R1e2 Rxe2+ 35. Kxe2 ({White should try} 35. Rxe2 $14 Rc5 36. Re4) 35... Rc8 (35... Rc4 $11 36. Rf3 Bxa3 37. bxa3 (37. Nf6+ Kg7 $11) 37... b2 38. Nf6+ Kg7) 36. Nd6 $1 $36 {[%cal Rd6c8][%mdl 2048] White is pushing.} Rd8 37. Rd3 Bxd6 38. Rxd6 ({Of course not} 38. exd6 Bc4 $11) 38... Rxd6 39. exd6 $16 {[%mdl 4096] Endgame KB-KB} h5 40. gxh5 gxh5 41. h4 Kf8 42. Kd3 Ke8 43. Kd4 Kd7 44. Kc5 {[#] Threatens to win with Kb5.} Kc8 45. Kc6 Bd7+ 46. Kb6 Be6 47. Ka5 Bd7 48. Kb6 Be6 $1 49. Be5 Kd8 50. Kc6 Bd7+ 51. Kc5 {Strongly threatening c4.} Kc8 52. Kb6 Be6 53. Bh2 Kd8 54. Ka5 Bd7 55. c4 {[#] Black must now prevent Kb6.} Be6 $2 {[%mdl 8192]} (55... Bc6 $16 56. Be5 Ke8) 56. c5 $18 Kd7 57. Kb6 $2 (57. Kb5 $18 {is more deadly.}) 57... Bd5 $16 58. Ka5 (58. Bg1 $16) 58... Bc6 (58... Be6 $11 59. Kxa4 Kc6) 59. Ka6 Bd5 60. Kb5 Bc6+ 61. Kc4 Ke6 62. Kd4 Bd7 63. Ke4 Bc6+ 64. Kf4 Bb7 65. Bg1 Bc6 66. Be3 Bb7 67. Kg5 Bf3 68. Bf4 Kd7 69. Kf6 Bd5 70. Bg3 Be6 71. Kg5 Bg4 72. Bf2 Bf3 73. Kf6 Bd5 74. Bg3 (74. Bd4 {seems wilder.} Bc4 75. Kg5 Be2 76. Kh6 Bf3 77. Be3) 74... Be6 75. Kg7 Bd5 76. Kf8 Be6 77. c6+ ({Better is} 77. Be5 $16) 77... Kxc6 $11 {The position is equal.} 78. Ke7 Bg4 79. Kxf7 Kd7 80. Kf6 Bf3 81. Ke5 Bg4 82. Kd5 Bf3+ 83. Kc5 Be4 84. Bf4 Bf3 85. Bg5 Be4 86. Be7 Bf3 87. Kb5 Bc6+ 88. Kb4 Ke6 89. Kc5 Kd7 90. Bg5 Be4 91. Bd2 Bf3 92. Kb4 Bc6 93. Bf4 Ke6 94. Kc5 Kd7 (94... Be8 {looks sharper.} 95. d7 Kxd7 96. Kb4 Ke6 97. Bg5 Kf5) 95. Kd4 Bf3 96. Ke5 Bc6 97. Bd2 Bf3 98. Bb4 Bc6 99. Kf4 Bd5 100. Bc5 (100. Be1 {is more complex.} Bc6 101. Kg5 Bf3 102. Bd2 Bg4 103. Ba5) 100... Bc6 101. Ke5 Bf3 102. Kd4 Bg2 103. Bb4 Bf3 104. Kc5 (104. Bd2 {with more complications.} Kxd6 105. Kc4 Bd5+ 106. Kb4 Bc6 107. Bf4+) 104... Bc6 105. Bd2 Be4 106. Kb5 Bc6+ 107. Ka5 Ke6 108. Bf4 Kd7 109. Kb6 Be4 110. Kc5 Bf3 111. Bg5 Bg2 112. Be7 Bf3 113. Kb5 Bc6+ 114. Kb6 Be4 115. Kb5 Bc6+ 116. Kb6 Be4 117. Kb5 {Precision: White = 54%, Black = 57%.} 1/2-1/2

[Event "Red Bull Chess Masters 2018"]
[Site "Istanbul"]
[Date "2018.10.20"]
[Round "1.2"]
[White "Karaokcu, Erkin"]
[Black "Eren, Ataberk"]
[Result "1-0"]
[WhiteElo "2256"]
[BlackElo "2188"]
[Annotator "TA"]
[PlyCount "133"]
[EventDate "2018.10.19"]
[EventType "team-tourn"]
[EventCountry "TUR"]
[SourceTitle "playchess.com"]
[Source "ChessBase"]
[SourceQuality "1"]

{[%evp 15,133,14,16,10,7,0,0,0,17,19,25,-4,0,-17,25,-14,16,21,17,33,35,-78,-68,-65,-12,-71,0,0,29,0,131,131,180,183,261,237,213,222,227,126,180,79,148,133,233,0,431,431,387,413,529,190,565,535,642,652,547,0,153,-44,-41,-41,-40,-201,-201,-193,23,0,224,38,589,0,55,0,553,29,4158,0,0,0,65,0,0,0,0,0,0,0,0,0,0,0,0,0,0,4,44,0,0,0,0,0,29986,29987,29987,29988,29988,29988,29989,29990,29990,29991,29991,29992,29994,29990,29995,29996,29996,29997]} 1. d4 d5 2. c4 c6 3. cxd5 cxd5 4. Nc3 Nc6 5. Bf4 Nf6 6. e3 a6 7. Bd3 Bg4 8. Nge2 e6 9. f3 {D10: Slav Defence: 3 cxd5 (without early Nf3) and 3 Nc3} Bh5 $1 10. g4 Bg6 11. h4 {The position is equal.} Nb4 12. Bxg6 $146 ({Predecessor:} 12. Bb1 Bxb1 13. Rxb1 Be7 14. Kf2 Nd7 15. g5 Rc8 16. a3 Nc6 17. Qg1 {0-1 (82) Wang,Y (2706)-Ma,Q (2559) Xinghua 2013}) 12... hxg6 13. a3 Nc6 14. Qd3 Bd6 15. O-O-O b5 16. h5 Bxf4 17. Nxf4 g5 18. Nxe6 (18. Nh3 $14 {stays ahead.}) 18... fxe6 $17 19. Qg6+ Kd7 (19... Kf8 $15) 20. e4 (20. Qxg7+ $11 {remains equal.} Qe7 21. Qxg5) 20... Kc7 (20... Qg8 $17 21. Qxg5 Rf8) 21. Qxg7+ $11 Kb6 22. Qxg5 Rg8 (22... dxe4 $11 23. Rhe1 Rc8) 23. Qe3 $16 Kb7 24. g5 Nh7 (24... Nd7 $142) 25. exd5 exd5 26. f4 Qd6 27. Rh4 (27. Kb1 $1 $18) 27... Rae8 (27... Rad8 $16) 28. Qd3 (28. Qh3 $18) 28... Re7 (28... Nf8 $142) 29. g6 Nf6 30. f5 $2 (30. h6 $18) 30... Ne4 $2 {[%mdl 8192]} (30... Rge8 $11) 31. Nxe4 $18 dxe4 32. Rxe4 Rge8 33. Rde1 $2 (33. Rxe7+ Qxe7 34. Kb1) 33... Rxe4 $2 (33... Qd5 {is tougher.} 34. Rxe7+ Rxe7 35. Rxe7+ Nxe7) 34. Rxe4 Rc8 35. Kb1 Qd5 36. Rh4 $2 (36. Re1 $18) 36... b4 $2 (36... Re8 $11 37. Qd1 Qxf5+ 38. Ka2 Qd5+ 39. Ka1 Qg5) 37. axb4 $2 ({White must play} 37. Qe4 $16 Qb3 38. Qc2) 37... Re8 $36 {[%mdl 2048] Black fights for an advantage.} 38. Qc3 {And now f6 would win.} (38. Qf1 Nxb4 39. Qh1 Ka7 40. Re4 Rxe4 41. Kc1 Qc4+ 42. Kb1 Rxd4 43. Qa8+ Kxa8 44. b3 Qxb3+ 45. Kc1 Rd1#) 38... Qxf5+ 39. Ka1 $2 ({Only move:} 39. Ka2 $1 $15 Qd5+ 40. Ka1) 39... Qf1+ $1 $19 {[%mdl 1024] Black has strong compensation.} 40. Ka2 {[#] Strongly threatening d5.} Qb5 $2 (40... Re1 $1 $19 {[%cal Re1a1]} 41. d5 Ra1+ 42. Kb3 Qd1+ 43. Kc4 Rc1 44. dxc6+ Kc7) 41. Ka3 {Hoping for Rf4.} Rc8 $2 {[#]} (41... a5 $11 42. d5 (42. bxa5 $2 Ra8 $19) 42... axb4+ 43. Rxb4 Nxb4 44. Qxb4 Re3+ 45. b3 Qxb4+ 46. Kxb4 Rg3) 42. g7 $2 (42. Qb3 $1 $18) 42... Qd5 $2 {[%mdl 8192]} (42... Qg5 $14 43. Re4 Qxh5) 43. Qc5 $2 ({White should play} 43. Qb3 $18 Qg5 44. Qf7+ Kb6 45. Rf4) 43... Qf3+ (43... Qf7 $11) 44. Qc3 $2 {[%mdl 8192]} (44. Ka2 $1 $14 Qf7+ 45. d5) 44... Qd5 $18 45. h6 $2 (45. Qb3 $18 Qg5 46. Qf7+ Kb6 47. Rf4) 45... Nxd4 $2 {[%mdl 8192]} (45... Na5 $11 46. Qxc8+ (46. bxa5 Rxc3+ 47. bxc3 Qxa5+ 48. Kb2 Qb5+ 49. Kc2 Qe2+ 50. Kc1 Qf1+ 51. Kc2 Qe2+ 52. Kb1 Qd3+ 53. Kb2 Qb5+ 54. Kc1 Qf1+ 55. Kb2 Qb5+ $11) 46... Kxc8 47. bxa5 Qxa5+ 48. Kb3 Qb6+ 49. Kc4 Qc6+ 50. Kd3 Qg6+ 51. Kc3 Qc6+ 52. Kd3 Qg6+ 53. Kc3 Qc6+ 54. Kd3) 46. Rxd4 $2 (46. Qxd4 $18 Qxd4 47. Rxd4) 46... Rxc3+ $11 47. bxc3 {[%mdl 4096] Endgame KQ-KR} Qg5 ({Black should try} 47... Qh1 $1 $11) 48. Rh4 (48. Rd1 $14 a5 49. Ka4) 48... Qc1+ 49. Kb3 Qb1+ 50. Ka3 Qa1+ 51. Kb3 Qb1+ 52. Kc4 Qa2+ 53. Kc5 Qf2+ 54. Rd4 Qg2 {[%csl Gb7][%cal Rg2c6]} 55. Rd7+ Kc8 56. h7 Qg5+ 57. Kc4 Qg4+ 58. Kb3 Qe6+ $2 {[%mdl 8192]} (58... Kxd7 $11 59. g8=Q Qd1+ 60. Kb2 Qd2+ 61. Kb3 Qd1+ 62. Kc4 Qe2+ 63. Kd5 Qf3+ 64. Kd4 Qf4+ 65. Kc5 Qf2+ 66. Kd5 Qf5+ 67. Kc4 Qf1+ 68. Kb3 Qb1+ 69. Ka4 (69. Kc4 Qe4+ 70. Kb3 Qb1+ 71. Kc4 Qe4+ 72. Kb3 Qb1+ $11) 69... Qa1+ 70. Kb3 Qb1+ 71. Ka3 (71. Kc4 Qe4+ 72. Kb3 Qb1+ $11) 71... Qa1+ 72. Qa2 (72. Kb3 Qb1+ $11) 72... Qxc3+ 73. Ka4 Qc6+ 74. b5 Qxb5+ 75. Ka3 Qc5+ 76. Kb2 Qf2+ 77. Kb1 Qe1+ 78. Kb2 Qd2+ 79. Kb1 Qd1+ 80. Kb2 Qd2+ 81. Ka1 Qd1+ 82. Qb1 Qa4+ 83. Kb2 Qb5+ 84. Kc2 Qf5+ 85. Kc1 Qf4+ 86. Kb2 Qb4+ 87. Kc2 Qe4+ 88. Kc1 Qf4+ 89. Kd1 Qf1+ 90. Kc2 Qf5+ 91. Kb2 Qb5+ 92. Kc1 Qf1+ 93. Kb2 Qb5+) 59. Ka3 {White mates.} Qe1 60. g8=Q+ Kxd7 {KQ-KQ} 61. Qd5+ Kc7 62. h8=Q {[%csl Gd5][%cal Rh8d8]} Qa1+ 63. Qa2 Qc1+ 64. Qb2 Qe3 65. Qd4 Qe8 66. Qh2+ Kb7 67. Qh7+ {Precision: White = 17%, Black = 31%.} 1-0

[Event "Red Bull Chess Masters 2018"]
[Site "Istanbul"]
[Date "2018.10.20"]
[Round "1.2"]
[White "Gunduz, Umut Erdem"]
[Black "Isik, Alparslan"]
[Result "0-1"]
[WhiteElo "2205"]
[BlackElo "2220"]
[Annotator "TA"]
[PlyCount "46"]
[EventDate "2018.10.19"]
[EventType "team-tourn"]
[EventCountry "TUR"]
[SourceTitle "playchess.com"]
[Source "ChessBase"]
[SourceQuality "1"]

{[%evp 9,45,-64,-63,-65,-59,-80,-9,-121,-136,-228,-172,-178,-177,-182,25,42,228,223,338,349,347,331,335,334,471,210,512,102,439,0,0,47,310,-801,-616,-29997,-29998,-29999]} 1. e4 c5 2. Ne2 Nf6 3. f3 (3. Nbc3 d6 4. d4 cxd4 5. Nxd4 a6 6. h3 e6 7. g4 Nfd7 8. g5 Nc6 9. h4 Qb6 10. Nb3 Qc7 11. f4 b5 12. Be3 Nb6 13. Bd3 Be7 14. Qe2 Rb8 15. O-O {½-½ (31) Vallejo Pons,F (2709)-Zhao,J (2601) China 2018}) 3... d5 $146 ({Vorgänger:} 3... Nc6 4. d4 cxd4 5. Nxd4 e6 6. Nc3 Qc7 7. Ndb5 Qb8 8. Bg5 a6 9. Nd4 Be7 10. Be2 Qc7 11. Be3 b5 12. O-O Bb7 13. Qd2 Rc8 14. Rac1 {0-1 (40) Garcia,A (1921)-Allen,A (1823) Managua 2016}) 4. exd5 Nxd5 5. d4 cxd4 6. Nxd4 {B20: Sizilianisch} e5 {Und weiter mit ...Dh4+ wäre nett.} 7. Nb5 {Droht stark Dxd5!} Be6 (7... Bb4+ $1 $17 8. N1c3 O-O) 8. Qe2 (8. N1c3 $1 $11 Bb4 9. a3) 8... Nc6 $17 9. c4 (9. N1c3 $17) 9... Bb4+ 10. N1c3 Nxc3 11. bxc3 Ba5 $2 (11... Be7 $19 {Und ...Da5 würde nun gewinnen.} 12. c5 Bxc5) 12. Ba3 $11 Nd4 $2 {[#]} (12... a6 $14 13. Nd6+ Qxd6 $1 {[%mdl 512]} 14. Bxd6 Bxc3+ 15. Kf2 Bxa1) 13. Qb2 $1 $18 ({Nicht} 13. Qxe5 $2 Nc2+ 14. Kf2 Nxa3 $19) 13... Qh4+ {[#]} (13... Nf5 {war angesagt.}) 14. g3 $1 Nxf3+ 15. Kf2 Bb6+ 16. c5 Qf6 (16... Qd8 $142 17. cxb6 Qxb6+ 18. Kxf3 Bd5+ 19. Ke2 O-O-O) 17. Nd6+ (17. cxb6 $142 Ng5+ 18. Kg1 Nf3+ 19. Kg2 Nh4+ 20. gxh4 Bd5+ 21. Kg1 Qg6+ 22. Kf2 Qxb6+ 23. Ke1) 17... Kd7 $2 (17... Kf8 {leistet mehr Widerstand.} 18. cxb6 Kg8) 18. Bb5+ $2 (18. cxb6 $18 {ist der präzise Gewinnweg. Beabsichtigt Db5+ und Matt.} Nd4+ 19. Ke1 Nf3+ 20. Kd1) 18... Kd8 $2 {[%mdl 8192]} (18... Kc7 $16 {ist eine bessere Chance.}) 19. Nxb7+ $2 (19. cxb6 $18 Nd4+ 20. Ke1 (20. Kg1 Nf3+ 21. Kf2 Nd4+ 22. Ke1 Qf3 $18)) 19... Kc7 $11 20. cxb6+ Kxb7 $4 {[%mdl 8192]} ({Günstiger ist} 20... axb6 $14 21. Nd6 Nxh2+ 22. Ke1 Nf3+ 23. Ke2 Bg4) 21. Kg2 $4 {[%mdl 8192]} (21. bxa7 $18 Nd4+ 22. Ke1 Nf3+ 23. Ke2) 21... Bd5 {( -> ...Sg5+)} 22. Rhf1 {beabsichtigt Tad1.} Ng5+ 23. Kg1 Nh3# {Precision: Weiß = 35%, Schwarz = 18%.} 0-1

[Event "Red Bull Chess Masters 2018"]
[Site "Istanbul"]
[Date "2018.10.20"]
[Round "1.2"]
[White "Dogan, Ali Ekber"]
[Black "Ozdover, Mustafa Berkay"]
[Result "1-0"]
[WhiteElo "2200"]
[BlackElo "2120"]
[Annotator "TA"]
[PlyCount "165"]
[EventDate "2018.10.19"]
[EventType "team-tourn"]
[EventCountry "TUR"]
[SourceTitle "playchess.com"]
[Source "ChessBase"]
[SourceQuality "1"]

{[%evp 23,165,1,18,0,8,-31,0,-27,0,0,0,0,0,-72,-29,-31,-33,-36,-28,-33,-27,-29,-30,-103,-31,-458,-438,-487,-478,-525,-525,-492,-490,-477,7,10,7,8,8,8,67,61,77,79,67,86,145,122,251,238,330,214,182,178,186,156,198,198,197,196,224,208,222,218,213,172,212,197,322,296,301,175,368,367,903,342,364,335,319,233,233,222,207,0,52,-70,-70,-63,-63,-235,-235,-238,-235,-235,-231,-232,-62,-138,-22,-25,-25,-145,-25,-27,0,0,0,0,0,0,0,-8,-8,-8,-8,-8,-8,-8,-8,-8,0,-8,0,-8,0,-8,-2,-8,0,-8,0,0,0,0,29982,29983,29983,29984,29985,29985,29984,29985,29985,29986]} 1. d4 Nf6 2. c4 g6 3. g3 d5 4. cxd5 Nxd5 5. Bg2 Bg7 6. e4 Nb6 7. Ne2 O-O 8. O-O c5 9. d5 Na6 10. Nec3 e6 11. Na3 {D72: Fianchetto Grünfeld: 5 cxd5 Nxd5 6 e4 Nb6 (without Nf3)} exd5 12. exd5 Bf5 {LiveBook: 38 Games} 13. d6 {The position is equal.} Qd7 {[#]} 14. Re1 $146 {And now Re7 would win.} ({Predecessor:} 14. Bg5 Nb4 15. Qd2 Rfe8 16. Rfe1 Bd3 17. Ne4 Bxe4 18. Rxe4 Rxe4 19. Bxe4 {1-0 (43) Bocharov,D (2612)-Kirusha,A (2380) St Petersburg 2010}) 14... Rfe8 15. Bg5 Nb4 16. Re7 Rxe7 17. dxe7 Nd3 18. Ne4 (18. Be4 $11 c4 19. Qd2) 18... c4 19. Nf6+ Bxf6 $1 20. Bxf6 Qe6 21. Bg5 f6 $36 {[%mdl 2048] White is under pressure.} 22. Be3 $1 Re8 23. Bxb6 (23. b3 $11) 23... axb6 (23... Qxb6 $17 24. Qc2 Nxb2) 24. Nxc4 $2 {[%mdl 8192]} (24. Qa4 $15 Rxe7 25. Qxc4 Nxb2 26. Qxe6+ Bxe6 27. Nc2) 24... Qxc4 $19 25. Qe2 Kf7 26. b3 Qd4 27. Rd1 Rxe7 28. Qf3 Bg4 $2 (28... Rd7 $19 29. Qe3 Qc5) 29. Qd5+ $11 Qxd5 30. Bxd5+ Kg7 31. Rxd3 {[%mdl 4096] Endgame KRB-KRB} Re1+ (31... Bh3 $11 32. Rd1 b5) 32. Kg2 $14 Be2 33. Re3 Bf1+ 34. Kf3 Ra1 (34... Rd1 $142) 35. a4 ({Resist} 35. Bxb7 $6 Rxa2 36. Re7+ Kh8 $14) 35... Kh6 (35... Rd1 $16) 36. Re7 $18 ({Don't take} 36. Bxb7 $6 Rd1 $16) 36... b5 37. axb5 ({And not} 37. Bxb7 bxa4 38. bxa4 Rxa4 $11) 37... Bxb5 38. Rxb7 Bd3 39. h4 Ra5 40. Bg8 {[%csl Gg8][%cal Rb7h7]} g5 41. Ke3 Bg6 42. hxg5+ fxg5 43. b4 Ra3+ 44. Ke2 Be4 45. Re7 Bf3+ (45... Bf5 $142 46. Rc7 g4) 46. Kd2 g4 47. Bxh7 (47. Rxh7+ $142 Kg6 48. Re7) 47... Ra2+ $2 (47... Rb3 48. Be4 Rb2+ 49. Kc3 Rxf2) 48. Bc2 $1 Kg5 $2 (48... Ra1 49. Rf7 Ra2) 49. Kc3 $2 (49. Re5+ Kf6 50. Ra5 Rxc2+ 51. Kxc2) 49... Kf6 50. Re1 Ra8 51. Bb3 Rc8+ 52. Kb2 $1 Rb8 53. Kc3 $2 (53. Re6+ $1 $18 Kf5 54. Kc3) 53... Rc8+ $1 $14 54. Bc4 (54. Kd3 $14 Rd8+ 55. Kc2) 54... Bd5 $1 $15 55. Kd4 Bxc4 {KRB-KR} 56. Rc1 $2 (56. Re4 $15) 56... Rd8+ $19 57. Kc5 Be2 58. Re1 Rc8+ 59. Kd6 Bb5 $2 (59... Rc2 $19 {Hoping for ...Rb2.} 60. Ra1 Rd2+ 61. Kc5 Bf3) 60. Re4 (60. Re6+ $15 Kf7 61. Re7+ Kf8 62. Rb7) 60... Rg8 ({Better is} 60... Rc6+ $17 61. Kd5 Kg5 62. Re5+ Kh6) 61. Rf4+ $11 Kg5 62. Kc5 {[#]} (62. f3 $1 $11 gxf3 63. Rxf3) 62... Rb8 ({Black should try} 62... Be2 $1 $17 {...Rc8+ is the strong threat.} 63. Re4 Bf3) 63. f3 $1 Be2 64. Rxg4+ Kf6 65. Rf4+ Kg5 66. Rg4+ Kf6 67. Rh4 Rb5+ 68. Kc6 Rg5 69. Rf4+ Kg7 70. g4 Bb5+ 71. Kb6 Be2 72. Kc6 Bb5+ 73. Kd6 Be2 74. Kc7 Bd1 75. Kd6 Be2 76. Ke6 Bd1 77. Rf5 Rxf5 78. gxf5 {[%cal Bg4f5,Bf5f6][%mdl 32] Strongly threatening Ke7.} Bxf3 $2 {[%mdl 8192] [#] KB-KPP} (78... Kf8 $11) 79. Ke7 $1 {White mates.} Bd5 80. b5 {[%cal Bb4b5,Bb5b6,Bb6b7][%mdl 32]} Kh6 81. b6 Kg5 82. f6 Kg6 {[#]} 83. b7 $1 {[%mdl 512] Precision: White = 43%, Black = 31%.} 1-0

[Event "Red Bull Chess Masters 2018"]
[Site "Istanbul"]
[Date "2018.10.20"]
[Round "1.2"]
[White "Zor, Alber Kadir"]
[Black "Aliakbarov, Anar"]
[Result "0-1"]
[WhiteElo "2167"]
[BlackElo "2281"]
[Annotator "TA"]
[PlyCount "126"]
[EventDate "2018.10.19"]
[EventType "team-tourn"]
[EventCountry "TUR"]
[SourceTitle "playchess.com"]
[Source "ChessBase"]
[SourceQuality "1"]

{[%evp 14,126,19,23,79,6,29,0,26,29,56,53,91,77,117,96,172,64,156,149,164,148,181,190,248,64,56,53,85,76,118,55,60,59,63,47,64,23,31,0,0,-27,-3,-65,-69,-53,-5,-41,0,-36,-3,-29,-31,-39,-12,-15,0,0,0,-53,-15,-33,-18,-42,-42,-41,-39,-70,-41,-75,-69,-85,-93,-138,-133,-156,-152,-165,-162,-171,-112,-255,-129,-172,-147,-187,-184,-572,-498,-531,-578,-577,-577,-562,-562,-553,-553,-598,-542,-892,-892,-892,-885,-892,-892,-885,-885,-877,-864,-870,-856,-856,-776,-29987,-29988]} 1. Nf3 d5 2. d4 Nf6 3. Bf4 c5 4. e3 Nc6 5. Nbd2 e6 6. c3 Qb6 7. Qb3 c4 {D02: 1 d4 d5 2 Nf3 sidelines, including 2...Nf6 3 g3 and 2...Nf6 3 Bf4} (7... Be7 8. h3 Bd7 9. Be2 Rc8 10. O-O O-O 11. Rfe1 Rfd8 12. Rac1 Be8 13. Qc2 cxd4 14. exd4 Nb4 15. Qb1 Nc6 {1-0 (30) Artemiev,V (2663)-Savchenko,B (2613) Sochi 2016}) 8. Qc2 {LiveBook: 10 Games} Qd8 (8... Nh5 $11) 9. e4 (9. b3 $16) 9... Be7 $146 {The position is equal.} ({Predecessor:} 9... dxe4 10. Nxe4 Nd5 11. Bc1 b5 12. a4 Ba6 13. axb5 Bxb5 14. Ned2 Nb6 15. Be2 {½-½ (29) Martin Martin,L (1981)-Hernandez Gutierrez,J (1838) Madrid 2015}) 10. b3 cxb3 11. axb3 dxe4 12. Nxe4 O-O 13. Bd3 h6 14. O-O b6 (14... Nd5 $16 15. Bd2 f5) 15. Qd2 ({Better is} 15. Nxf6+ $18 Bxf6 16. Qe2) 15... Nh7 (15... Nd5 $1 $14) 16. Rfe1 a5 17. Rad1 Ba6 18. Bb1 Re8 {[#]} (18... Bc8 $142 19. Bxh6 f5) 19. Ne5 $2 ({White should play} 19. Bxh6 $1 $18 {[%mdl 512] Neg5 is the strong threat.} gxh6 20. d5 (20. Qxh6 Bf8 $16)) 19... Nxe5 $14 20. Bxe5 Nf8 21. Ng3 {Strongly threatening Bxg7!} Bf6 22. Nh5 (22. Qe3 $1 $16) 22... Bxe5 23. Rxe5 Qh4 24. g3 Qe7 25. Qf4 f6 26. Ree1 Qf7 $36 {[%mdl 2048] Black has good play.} 27. g4 Bb7 28. Be4 ({White should try} 28. Bd3 $11) 28... Bxe4 29. Qxe4 Rac8 30. c4 Qg6 31. Qg2 a4 32. bxa4 Rxc4 33. h3 Qg5 34. Ng3 Rxa4 35. Qc6 Raa8 {[%cal Ba4a8,Ba8b8,Bb8b5,Bb5d5][%mdl 32]} 36. Qxb6 (36. d5 $11) 36... Red8 37. Qb7 Rab8 38. Qe4 Rb5 39. Kg2 Qd5 40. Kf3 Kf7 (40... Qd7 {is more complex.} 41. Kg2 f5 42. Qe3 Qf7 43. gxf5 exf5 44. Qe7 Qd5+) 41. Qxd5 Rbxd5 42. Ke3 e5 43. Nf5 Ne6 44. Rb1 exd4+ 45. Kd2 {[#]} R8d7 $1 46. Rb8 {[#]} d3 (46... h5 $1 $19 {[%mdl 512]} 47. Ra8 (47. gxh5 Rxf5) 47... Ng5) 47. Rc1 (47. Re3 $17) 47... Nc5 (47... Re5 $19 48. Re1 Rxe1 49. Kxe1 d2+ 50. Kd1 Ng5) 48. f3 Re5 49. Ne3 Ne6 50. Rcc8 $2 {[#]} (50. Rf1 {is tougher.}) 50... Rxe3 $1 {[%mdl 512]} 51. Kxe3 $19 {[%mdl 4096] Endgame KRR-KRN} d2 52. Rb1 {Hoping for Rd1.} d1=Q 53. Rxd1 Rxd1 {KRN-KR} 54. h4 {[#]} h5 $1 55. gxh5 Rd5 56. h6 gxh6 57. Kf2 Rf5 58. Kg3 Nd4 59. f4 h5 60. Rc4 Ne6 61. Ra4 Kg6 62. Kf3 Rb5 63. Ke4 Nc5+ {Precision: White = 26%, Black = 35%.} 0-1

[Event "Red Bull Chess Masters 2018"]
[Site "Istanbul"]
[Date "2018.10.20"]
[Round "1.2"]
[White "Erdogan, Anil Berk"]
[Black "Tarlabasi, Emirhan"]
[Result "0-1"]
[WhiteElo "2116"]
[BlackElo "2264"]
[Annotator "TA"]
[PlyCount "66"]
[EventDate "2018.10.19"]
[EventType "team-tourn"]
[EventCountry "TUR"]
[SourceTitle "playchess.com"]
[Source "ChessBase"]
[SourceQuality "1"]

{[%evp 20,66,29,16,18,14,32,0,22,33,30,36,29,43,43,43,58,38,70,81,128,130,87,88,115,47,202,142,151,162,151,90,848,17,29997,-173,-194,-168,-122,-640,961,-660,-647,-938,-938,-912,-903,-29976,-29977]} 1. e4 e6 2. d4 d5 3. exd5 exd5 4. Nf3 Nf6 5. Bd3 c5 {[%cal Bc7c5,Bc5c4][%mdl 32]} 6. O-O c4 7. Re1+ Be7 8. Bf1 O-O {C01: French: Exchange Variation} 9. b3 (9. Bg5) 9... cxb3 10. axb3 Nc6 11. Ne5 {LiveBook: 8 Games} Nxe5 12. dxe5 Ne4 13. Bd3 {[#]} Bb4 $146 {And now ...Nxf2! would win.} ({Predecessor:} 13... Be6 14. Ba3 f5 15. Bxe7 Qxe7 16. Nd2 {1-0 (47) Ivanovic,B (2515)-Markovic,M (2540) Belgrade 1998}) 14. c3 Bc5 15. Be3 Bxe3 16. Rxe3 f5 17. exf6 Nxf6 18. h3 Kh8 19. Nd2 d4 20. cxd4 Qxd4 21. Ra4 Qc5 22. Rh4 (22. Ne4 $16 Nxe4 23. Bxe4 (23. Raxe4 Bf5 $16)) 22... h6 $2 (22... Bf5 $1 $14) 23. Nc4 $18 Bd7 24. Ne5 Be8 25. Qd2 (25. Qf3 $142) 25... Rc8 $2 {[%mdl 8192]} (25... Rd8 $16) 26. Rg3 $2 $40 {[%mdl 128] White has some attack.} (26. Rc4 $18) 26... Qxe5 $4 {[%mdl 8192] [#]} (26... Qc1+ $11 27. Qxc1 Rxc1+ 28. Kh2 Re1) 27. Rxh6+ $4 {[%mdl 8192]} (27. Qxh6+ $1 {[%mdl 512] mates} gxh6 28. Rxh6+ Nh7 29. Rxh7#) 27... Kg8 $19 28. Rh4 Nh5 29. Qh6 $2 {[%mdl 8192]} (29. Re4 $17 Qa1+ 30. Re1) 29... Qxg3 $4 {[%mdl 8192]} (29... Qa1+ $19 30. Kh2 {[#]} Qh1+ $1 {[%mdl 512]} 31. Kxh1 Nxg3+ 32. fxg3 gxh6 33. Rxh6 Rc3) 30. Qe6+ $4 {[%mdl 8192]} (30. Qh7+ $18 Kf7 31. fxg3) 30... Bf7 31. Bh7+ Kxh7 32. Rxh5+ Kg8 {( -> ...Rc1+)} 33. Qxc8 Rxc8 {Precision: White = 35%, Black = 28%.} 0-1